Reforma zdravotníctva v Spojených štátoch amerických
Spôsob poskytovania zdravotnej starostlivosti v USA pred prijatím reformy a dôvody vedúce k prijatiu zákona prezidentom B. Obamom dňa 23. marca 2010. Analýza samotného zákona, zmeny, ktoré nastali po jeho prijatí a návrh všeobecných odporúčaní, pokiaľ ide o možnosti aplikácie niektorých prístupov v...
Guardado en:
| Autor principal: | |
|---|---|
| Formato: | Capítulo de libro |
| Lenguaje: | eslovaco |
| Materias: | |
| Etiquetas: |
Sin Etiquetas, Sea el primero en etiquetar este registro!
|
MARC
| LEADER | 00000naa a2200000 4500 | ||
|---|---|---|---|
| 001 | 0161711 | ||
| 005 | 20231011114433.8 | ||
| 041 | 0 | |a slo | |
| 044 | |a SK | ||
| 245 | 1 | 0 | |a Reforma zdravotníctva v Spojených štátoch amerických |c Marta Tomišová |
| 520 | |a Spôsob poskytovania zdravotnej starostlivosti v USA pred prijatím reformy a dôvody vedúce k prijatiu zákona prezidentom B. Obamom dňa 23. marca 2010. Analýza samotného zákona, zmeny, ktoré nastali po jeho prijatí a návrh všeobecných odporúčaní, pokiaľ ide o možnosti aplikácie niektorých prístupov v podmienkach krajín EÚ. | ||
| 610 | 2 | 0 | |a starostlivosť zdravotná |
| 610 | 2 | 0 | |a reformy sociálne |
| 610 | 2 | 0 | |a USA |
| 610 | 2 | 0 | |a legislatíva |
| 610 | 2 | 0 | |a Európska únia |
| 610 | 2 | 0 | |a zdravotníctvo verejné |
| 100 | 1 | |a Tomišová, Marta | |